000 00748nam a22002177a 4500
005 20140904113334.0
010 _aENG-110724
020 _a9788132117919
_c595.00
035 _aEN-94256
037 _bDBAD/PUB
082 _a346.73048
100 _aRyder, Rodney D.
245 _aIntellectual property and business :
_cby Rodney D. Ryder [and] Ashwin Madhavan
_bthe power of intangible assets /
260 _aNew Delhi
_bSage Publications
_c2014
270 _aB1/ I-1 Mohan Cooperative Industrial Area,Mathura Road
_bNew Delhi
_e110044
300 _axii,304p.
_c22cm(pbk)
500 _aIncludes index
650 _a Intellectual property
_zUnited States.
700 _aMadhavan, Ashwin.
942 _2ddc
_cEN
_h346.73048
_mRYD
999 _c88276
_d88276